[Event "Junior-SM"]
[Site "Örebro"]
[Date "2013.07.08"]
[Round "3"]
[White "Kassani, Sam"]
[Black "Ollén, Martin"]
[Result "1/2-1/2"]
[BlackElo "1883"]
[WhiteElo "2172"]

1. d4 {[%clk 1:29:43]} Nf6 {[%clk 1:30:44]} 2. Nf3 {[%clk 1:29:24]} g6
{[%clk 1:30:52]} 3. e3 {[%clk 1:28:57]} Bg7 {[%clk 1:31:02]} 4. Be2
{[%clk 1:28:49]} O-O {[%clk 1:30:01]} 5. O-O {[%clk 1:28:25]} d6 {[%clk 1:30:25]}
6. b3 {[%clk 1:25:31]} Nc6 {[%clk 1:21:13]} 7. Bb2 {[%clk 1:25:43]} e5
{[%clk 1:20:07]} 8. a3 {[%clk 1:20:38]} e4 {[%clk 1:17:41]} 9. Nfd2
{[%clk 1:19:32]} d5 {[%clk 1:14:35]} 10. c4 {[%clk 1:17:17]} Ne7 {[%clk 1:11:18]}
11. Nc3 {[%clk 1:17:14]} c6 {[%clk 1:10:48]} 12. cxd5 {[%clk 1:11:32]} cxd5
{[%clk 1:10:47]} 13. b4 {[%clk 1:05:31]} Nd7 {[%clk 1:07:08]} 14. Qb3
{[%clk 1:04:25]} Nb6 {[%clk 1:05:44]} 15. a4 {[%clk 1:02:43]} Be6
{[%clk 1:03:20]} 16. a5 {[%clk 0:59:55]} Nbc8 {[%clk 1:02:12]} 17. b5
{[%clk 0:46:42]} Nf5 {[%clk 0:57:36]} 18. Ba3 {[%clk 0:41:55]} Re8
{[%clk 0:55:46]} 19. b6 {[%clk 0:34:54]} a6 {[%clk 0:49:01]} 20. Rfc1
{[%clk 0:29:29]} Qg5 {[%clk 0:46:53]} 21. Nf1 {[%clk 0:29:12]} h5
{[%clk 0:35:22]} 22. Na4 {[%clk 0:27:21]} Nh4 {[%clk 0:28:16]} 23. Ng3
{[%clk 0:26:14]} Ne7 {[%clk 0:22:53]} 24. Bxe7 {[%clk 0:25:30]} Rxe7
{[%clk 0:23:07]} 25. Rc7 {[%clk 0:24:58]} Nxg2 {[%clk 0:10:40]} 26. Kxg2
{[%clk 0:22:52]} h4 {[%clk 0:10:41]} 27. Rac1 {[%clk 0:16:26]} Rae8
{[%clk 0:09:22]} 28. Rxe7 {[%clk 0:11:51]} Rxe7 {[%clk 0:09:28]} 29. Rc7
{[%clk 0:12:01]} Bf8 {[%clk 0:09:01]} 30. Nc5 {[%clk 0:10:52]} Bg4
{[%clk 0:08:20]} 31. Bxg4 {[%clk 0:04:43]} Qxg4 {[%clk 0:08:45]} 32. Rxe7
{[%clk 0:04:17]} Qf3+ {[%clk 0:08:22]} 33. Kg1 {[%clk 0:02:58]} hxg3
{[%clk 0:06:19]} 34. hxg3 {[%clk 0:03:21]} Bxe7 {[%clk 0:06:41]} 35. Nxb7
{[%clk 0:03:10]} Qe2 {[%clk 0:05:15]} 36. Nc5 {[%clk 0:03:04]} Bd6
{[%clk 0:04:45]} 37. b7 {[%clk 0:02:41]} Kg7 {[%clk 0:04:07]} 38. Nd7
{[%clk 0:00:38]} Bxg3 {[%clk 0:03:24]} 39. fxg3 {[%clk 0:00:33]} Qe1+
{[%clk 0:03:43]} 40. Kh2 {[%clk 0:30:41]} Qe2+ {[%clk 0:34:06]} 1/2-1/2

[Event "Junior-SM"]
[Site "Örebro"]
[Date "2013.07.08"]
[Round "3"]
[White "Berggren Torell, Harald"]
[Black "Rydström, Tom"]
[Result "0-1"]
[BlackElo "2172"]
[WhiteElo "2100"]

1. f4 {[%clk 1:30:38]} d5 {[%clk 1:30:53]} 2. Nf3 {[%clk 1:30:59]} c5
{[%clk 1:31:09]} 3. e3 {[%clk 1:31:20]} Nc6 {[%clk 1:31:34]} 4. c3
{[%clk 1:30:06]} Nf6 {[%clk 1:30:03]} 5. d4 {[%clk 1:29:22]} cxd4
{[%clk 1:27:19]} 6. exd4 {[%clk 1:25:52]} Bf5 {[%clk 1:25:53]} 7. Ne5
{[%clk 1:22:40]} e6 {[%clk 1:10:14]} 8. Qa4 {[%clk 1:16:24]} Qb6 {[%clk 1:05:33]}
9. Bb5 {[%clk 1:10:10]} Rc8 {[%clk 1:05:34]} 10. Nd2 {[%clk 1:07:32]} Be7
{[%clk 1:04:23]} 11. Nb3 {[%clk 1:03:49]} O-O {[%clk 1:00:33]} 12. Bxc6
{[%clk 0:59:15]} bxc6 {[%clk 1:00:57]} 13. Na5 {[%clk 0:54:03]} c5
{[%clk 0:57:10]} 14. Nac6 {[%clk 0:52:30]} Bd6 {[%clk 0:56:01]} 15. Nxa7 Ra8
{[%clk 0:51:57]} 16. Qc6 {[%clk 0:47:38]} Qb8 {[%clk 0:36:29]} 17. Nb5
{[%clk 0:45:30]} Bxe5 {[%clk 0:27:42]} 18. fxe5 {[%clk 0:43:57]} Rc8
{[%clk 0:26:21]} 19. Qd6 {[%clk 0:43:51]} Qxb5 {[%clk 0:26:28]} 20. exf6
{[%clk 0:43:52]} Bg4 {[%clk 0:21:07]} 21. Kf2 {[%clk 0:42:33]} Qe2+
{[%clk 0:15:55]} 22. Kg3 {[%clk 0:42:55]} gxf6 {[%clk 0:15:45]} 23. Bh6
{[%clk 0:38:38]} Bf5 {[%clk 0:14:08]} 24. h3 {[%clk 0:23:38]} Kh8
{[%clk 0:12:44]} 25. Kh4 {[%clk 0:16:33]} Rg8 {[%clk 0:12:24]} 26. Qf4
{[%clk 0:16:22]} Rg6 {[%clk 0:08:09]} 27. Rae1 {[%clk 0:10:48]} Qxg2
{[%clk 0:06:06]} 28. Reg1 {[%clk 0:07:31]} Qxb2 {[%clk 0:05:39]} 29. Rxg6
{[%clk 0:02:40]} fxg6 {[%clk 0:04:54]} 30. Bg5 {[%clk 0:02:22]} fxg5+
{[%clk 0:04:28]} 31. Kxg5 {[%clk 0:02:48]} Qb7 {[%clk 0:04:20]} 32. Qe5+
{[%clk 0:02:24]} Qg7 {[%clk 0:04:37]} 33. Rb1 {[%clk 0:02:50]} h6+
{[%clk 0:04:49]} 0-1

[Event "Junior-SM"]
[Site "Örebro"]
[Date "2013.07.09"]
[Round "4"]
[White "Cederstam Barsk, Carl"]
[Black "Olofsson-Dolk, Mattis"]
[Result "1-0"]
[BlackElo "2113"]
[WhiteElo "2232"]

1. Nf3 {[%clk 1:25:58]} Nf6 {[%clk 1:30:49]} 2. c4 {[%clk 1:23:36]} g6
{[%clk 1:31:10]} 3. Nc3 {[%clk 1:19:40]} d5 {[%clk 1:31:25]} 4. cxd5
{[%clk 1:17:44]} Nxd5 {[%clk 1:31:45]} 5. g3 {[%clk 1:17:16]} Bg7
{[%clk 1:31:13]} 6. Bg2 {[%clk 1:17:35]} Nb6 {[%clk 1:31:26]} 7. d3
{[%clk 1:16:14]} Nc6 {[%clk 1:31:15]} 8. Be3 {[%clk 1:15:59]} O-O
{[%clk 1:30:21]} 9. Qd2 {[%clk 1:15:31]} e5 {[%clk 1:29:34]} 10. Rc1
{[%clk 1:11:01]} Re8 {[%clk 1:27:36]} 11. Bh6 {[%clk 1:01:22]} Bh8
{[%clk 1:24:00]} 12. h4 {[%clk 1:00:10]} Bg4 {[%clk 1:17:57]} 13. h5
{[%clk 0:54:30]} Bxh5 {[%clk 1:11:27]} 14. Nh2 {[%clk 0:50:31]} Qc8
{[%clk 1:05:49]} 15. f3 {[%clk 0:48:06]} f5 {[%clk 1:01:17]} 16. Qg5
{[%clk 0:43:17]} Qe6 {[%clk 0:57:46]} 17. Qh4 {[%clk 0:43:04]} Nd5
{[%clk 0:44:52]} 18. g4 {[%clk 0:36:15]} Nxc3 {[%clk 0:34:49]} 19. bxc3
{[%clk 0:35:40]} e4 {[%clk 0:30:40]} 20. O-O {[%clk 0:30:56]} exf3
{[%clk 0:28:38]} 21. exf3 {[%clk 0:31:00]} Bf6 {[%clk 0:25:32]} 22. Bg5
{[%clk 0:24:36]} Bxg5 {[%clk 0:21:31]} 23. Qxg5 {[%clk 0:25:05]} h6
{[%clk 0:17:46]} 24. Qh4 {[%clk 0:15:12]} Qe3+ {[%clk 0:15:06]} 25. Kh1
{[%clk 0:14:01]} Ne5 {[%clk 0:13:40]} 26. Rce1 {[%clk 0:13:15]} Qf4
{[%clk 0:13:30]} 27. d4 {[%clk 0:12:49]} Nd3 {[%clk 0:12:25]} 28. Rxe8+
{[%clk 0:11:12]} Rxe8 {[%clk 0:12:54]} 29. Qf6 {[%clk 0:10:34]} Qe3
{[%clk 0:07:49]} 30. gxh5 {[%clk 0:08:32]} Nf2+ {[%clk 0:08:08]} 31. Rxf2
{[%clk 0:08:58]} Qxf2 {[%clk 0:08:31]} 32. Qxg6+ {[%clk 0:08:37]} Kf8
{[%clk 0:08:59]} 33. Qxf5+ {[%clk 0:07:43]} Kg7 {[%clk 0:08:06]} 34. Qg6+
{[%clk 0:07:48]} Kf8 {[%clk 0:08:30]} 35. Qf6+ {[%clk 0:07:47]} Kg8
{[%clk 0:08:50]} 36. Ng4 {[%clk 0:07:51]} Qg3 {[%clk 0:08:06]} 37. Qg6+
{[%clk 0:06:38]} Kf8 {[%clk 0:08:26]} 38. Qf6+ {[%clk 0:07:03]} Kg8
{[%clk 0:08:51]} 39. Qg6+ {[%clk 0:05:44]} Kf8 {[%clk 0:09:15]} 40. Qxh6+
{[%clk 0:36:08]} Kg8 {[%clk 0:39:09]} 41. Qg6+ {[%clk 0:35:32]} Kf8
{[%clk 0:39:33]} 42. Qf6+ {[%clk 0:35:45]} Kg8 {[%clk 0:39:57]} 43. Ne5
{[%clk 0:35:42]} Rf8 {[%clk 0:38:38]} 44. Qe6+ {[%clk 0:32:34]} Kh7
{[%clk 0:37:07]} 45. Qe7+ {[%clk 0:27:07]} Kg8 {[%clk 0:37:26]} 46. Ng6
{[%clk 0:26:50]} Rf7 {[%clk 0:35:55]} 47. Qe8+ {[%clk 0:27:13]} 1-0

[Event "Junior-SM"]
[Site "Örebro"]
[Date "2013.07.09"]
[Round "4"]
[White "Rydström, Tom"]
[Black "Lokander, Martin"]
[Result "1/2-1/2"]
[BlackElo "2238"]
[WhiteElo "2172"]

1. e4 c5 2. Nf3 Nc6 3. d4 cxd4 4. Nxd4 e5 5. Nb5 d6 6. N1c3 a6 7. Na3 b5 8. Nd5
Nge7 9. c4 Nd4 10. cxb5 Nxd5 11. exd5 Be7 12. Bd2 O-O 13. Bc3 Qb6 14. bxa6 Bxa6
15. Bxa6 Qxa6 16. Nc2 Nxc2+ 17. Qxc2 Qc4 18. a3 f5 19. Qe2 Qxd5 20. O-O e4 21. f4
Qb7 22. b4 d5 23. Qb2 Bf6 24. Bxf6 Rxf6 25. a4 Rfa6 26. Qb3 Qa7+ 27. Kh1 Rxa4 28.
Qxd5+ Kh8 29. Rab1 e3 30. Qxf5 Qb7 31. b5 Ra2 32. Qg4 Rd2 33. b6 e2 34. Rfe1 Rad8
35. Rxe2 Qxb6 36. Rbe1 Rxe2 37. Qxe2 h6 38. h3 Qb4 39. Qe4 Qxe4 40. Rxe4 h5 41.
Re5 g6 42. Kh2 Kg7 43. Kg3 Kf6 44. Ra5 Rd6 45. Ra3 Rb6 46. Kh4 Rc6 47. g4 hxg4
48. hxg4 Rb6 49. Rc3 Ra6 50. Rc5 Rb6 51. Ra5 Rc6 52. g5+ Kf7 53. Ra7+ Kg8 54. Ra4
Kg7 55. f5 gxf5 56. Kh5 Rc7 57. Ra6 f4 58. Rf6 f3 59. Rxf3 Rc6 60. Re3 Ra6 61.
Re7+ Kg8 62. Rb7 Rc6 1/2-1/2

[Event "Junior-SM"]
[Site "Örebro"]
[Date "2013.07.09"]
[Round "4"]
[White "Ölund, Joar"]
[Black "Kassani, Sam"]
[Result "1-0"]
[BlackElo "2172"]
[WhiteElo "2237"]

1. Nf3 {[%clk 1:30:58]} c6 {[%clk 1:28:47]} 2. g3 {[%clk 1:31:19]} g6
{[%clk 1:27:32]} 3. Bg2 {[%clk 1:30:47]} Bg7 {[%clk 1:27:58]} 4. O-O
{[%clk 1:30:33]} d5 {[%clk 1:27:49]} 5. d3 {[%clk 1:30:39]} e5 {[%clk 1:26:42]}
6. e4 {[%clk 1:29:46]} Ne7 {[%clk 1:24:49]} 7. Re1 {[%clk 1:16:11]} f6
{[%clk 1:20:35]} 8. Nbd2 {[%clk 1:10:04]} O-O {[%clk 1:19:32]} 9. c3
{[%clk 1:08:09]} Na6 {[%clk 1:12:21]} 10. b4 {[%clk 1:00:39]} Nc7
{[%clk 1:11:34]} 11. Bb2 {[%clk 0:58:27]} Kh8 {[%clk 1:03:22]} 12. a3
{[%clk 0:54:55]} Be6 {[%clk 0:56:39]} 13. h3 {[%clk 0:53:24]} Bg8
{[%clk 0:56:06]} 14. Qe2 {[%clk 0:50:42]} Nc8 {[%clk 0:48:39]} 15. h4
{[%clk 0:44:43]} Nb6 {[%clk 0:47:33]} 16. Rac1 {[%clk 0:40:13]} a5
{[%clk 0:45:07]} 17. h5 {[%clk 0:39:24]} c5 {[%clk 0:36:01]} 18. bxc5
{[%clk 0:37:55]} Na4 {[%clk 0:36:20]} 19. Ba1 {[%clk 0:38:16]} Nxc5
{[%clk 0:36:31]} 20. Qe3 {[%clk 0:37:34]} dxe4 {[%clk 0:21:17]} 21. dxe4
{[%clk 0:36:40]} Nd3 {[%clk 0:20:27]} 22. h6 {[%clk 0:36:54]} Bxh6
{[%clk 0:18:19]} 23. Qxh6 {[%clk 0:37:21]} Nxc1 {[%clk 0:17:50]} 24. Rxc1
{[%clk 0:37:11]} Qe7 {[%clk 0:12:15]} 25. c4 {[%clk 0:27:25]} Qxa3
{[%clk 0:11:13]} 26. Nf1 {[%clk 0:24:25]} Qe7 {[%clk 0:10:08]} 27. Ne3
{[%clk 0:24:24]} Be6 {[%clk 0:08:55]} 28. Nd5 {[%clk 0:23:23]} Bxd5
{[%clk 0:07:06]} 29. exd5 {[%clk 0:23:32]} b5 {[%clk 0:06:47]} 30. c5
{[%clk 0:15:29]} Qf7 {[%clk 0:05:44]} 31. d6 {[%clk 0:13:23]} Ne6
{[%clk 0:03:44]} 32. c6 {[%clk 0:11:09]} b4 {[%clk 0:02:09]} 33. Nxe5
{[%clk 0:04:22]} fxe5 {[%clk 0:02:32]} 34. Bxe5+ {[%clk 0:04:51]} Kg8
{[%clk 0:02:35]} 35. Bd5 {[%clk 0:05:19]} Qxf2+ {[%clk 0:01:26]} 36. Kh1
{[%clk 0:05:48]} Ra7 {[%clk 0:00:40]} 37. Bxe6+ {[%clk 0:06:05]} 1-0

[Event "Junior-SM"]
[Site "Örebro"]
[Date "2013.07.09"]
[Round "4"]
[White "Bengtsson, Jessica"]
[Black "Berggren Torell, Harald"]
[Result "1/2-1/2"]
[BlackElo "2100"]
[WhiteElo "1917"]

1. e4 {[%clk 1:30:56]} d6 {[%clk 1:30:51]} 2. d4 {[%clk 1:31:11]} Nf6
{[%clk 1:31:16]} 3. Nc3 {[%clk 1:31:27]} g6 {[%clk 1:31:41]} 4. Be3
{[%clk 1:31:32]} Bg7 {[%clk 1:32:07]} 5. h3 {[%clk 1:31:44]} O-O {[%clk 1:32:24]}
6. Nf3 {[%clk 1:31:59]} a6 {[%clk 1:32:49]} 7. Bd3 {[%clk 1:31:04]} Nc6
{[%clk 1:32:30]} 8. O-O {[%clk 1:30:26]} e5 {[%clk 1:32:44]} 9. dxe5
{[%clk 1:27:12]} Nxe5 {[%clk 1:32:12]} 10. Nxe5 {[%clk 1:25:04]} dxe5
{[%clk 1:32:37]} 11. Qe2 {[%clk 1:19:56]} Be6 {[%clk 1:25:46]} 12. Bc5
{[%clk 1:17:29]} Re8 {[%clk 1:25:56]} 13. Rad1 {[%clk 1:14:24]} Nh5
{[%clk 1:14:22]} 14. Qf3 {[%clk 0:55:25]} Qf6 {[%clk 1:08:42]} 15. Qxf6
{[%clk 0:53:13]} Bxf6 {[%clk 1:09:07]} 16. Ne2 {[%clk 0:51:27]} Nf4
{[%clk 1:02:49]} 17. Nxf4 {[%clk 0:44:30]} exf4 {[%clk 1:03:05]} 18. b3
{[%clk 0:44:08]} b6 {[%clk 1:02:38]} 19. Ba3 {[%clk 0:39:30]} f3 {[%clk 1:02:15]}
20. Bc1 {[%clk 0:36:22]} b5 {[%clk 0:55:06]} 21. Rfe1 {[%clk 0:31:45]} fxg2
{[%clk 0:51:11]} 22. Kxg2 {[%clk 0:31:13]} Bc3 {[%clk 0:48:54]} 23. Bd2
{[%clk 0:27:05]} Bxd2 {[%clk 0:49:18]} 24. Rxd2 {[%clk 0:27:31]} Rad8
{[%clk 0:47:09]} 25. Red1 {[%clk 0:23:50]} Rd4 {[%clk 0:45:45]} 26. c3
{[%clk 0:21:33]} Rd6 {[%clk 0:44:56]} 27. Be2 {[%clk 0:19:28]} Rc6
{[%clk 0:45:03]} 28. Rd8 {[%clk 0:18:33]} Kf8 {[%clk 0:39:55]} 29. Rxe8+
{[%clk 0:18:19]} Kxe8 {[%clk 0:40:06]} 30. Rd3 {[%clk 0:18:38]} b4
{[%clk 0:33:01]} 31. c4 {[%clk 0:17:37]} g5 {[%clk 0:27:48]} 32. Bg4
{[%clk 0:16:48]} Ke7 {[%clk 0:27:33]} 33. Kg3 {[%clk 0:11:11]} Kf6
{[%clk 0:11:59]} 1/2-1/2

[Event "Junior-SM"]
[Site "Örebro"]
[Date "2013.07.10"]
[Round "5"]
[White "Berggren Torell, Harald"]
[Black "Cederstam Barsk, Carl"]
[Result "1/2-1/2"]
[BlackElo "2232"]
[WhiteElo "2100"]

1. e4 {[%clk 1:30:57]} c6 {[%clk 1:29:25]} 2. d4 {[%clk 1:31:20]} d5
{[%clk 1:29:49]} 3. e5 {[%clk 1:31:41]} Bf5 {[%clk 1:29:14]} 4. Nf3
{[%clk 1:31:38]} e6 {[%clk 1:29:14]} 5. Be2 {[%clk 1:31:44]} Na6 {[%clk 1:24:45]}
6. O-O {[%clk 1:28:52]} Nc7 {[%clk 1:25:10]} 7. Nbd2 {[%clk 1:28:44]} h6
{[%clk 1:17:21]} 8. Nb3 {[%clk 1:28:22]} Ne7 {[%clk 1:14:58]} 9. Bd2
{[%clk 1:27:44]} Ng6 {[%clk 1:11:21]} 10. Ne1 {[%clk 1:25:30]} h5
{[%clk 1:11:50]} 11. Nd3 {[%clk 1:15:11]} b6 {[%clk 1:08:37]} 12. a4
{[%clk 1:02:22]} c5 {[%clk 1:05:03]} 13. dxc5 {[%clk 1:02:11]} bxc5
{[%clk 1:04:52]} 14. Nbxc5 {[%clk 1:01:46]} Bxc5 {[%clk 0:48:07]} 15. Nxc5
{[%clk 1:02:08]} Nxe5 {[%clk 0:45:56]} 16. Bf4 {[%clk 0:53:09]} Nc4
{[%clk 0:30:35]} 17. Bxc4 {[%clk 0:39:29]} dxc4 {[%clk 0:30:58]} 18. Nb7
{[%clk 0:38:51]} Qxd1 {[%clk 0:20:13]} 19. Rfxd1 {[%clk 0:38:48]} Na6
{[%clk 0:12:18]} 20. Nd6+ {[%clk 0:38:33]} Ke7 {[%clk 0:12:40]} 21. Nxf5+
{[%clk 0:38:49]} exf5 {[%clk 0:13:09]} 22. Rd4 {[%clk 0:29:59]} Rhc8
{[%clk 0:13:06]} 23. Re1+ {[%clk 0:21:23]} Kf8 {[%clk 0:13:35]} 24. Bd6+
{[%clk 0:21:32]} Kg8 {[%clk 0:14:05]} 25. Re5 {[%clk 0:20:25]} g6
{[%clk 0:13:30]} 26. Re7 Nb8 {[%clk 0:07:53]} 27. Re3 {[%clk 0:08:28]} Nd7
{[%clk 0:06:49]} 28. a5 {[%clk 0:07:09]} Rc6 {[%clk 0:06:59]} 29. Bb4
{[%clk 0:07:24]} Nf6 {[%clk 0:05:17]} 30. f3 {[%clk 0:06:57]} Rb8
{[%clk 0:04:39]} 31. Bc3 {[%clk 0:06:05]} Rc5 {[%clk 0:05:08]} 32. Re7
{[%clk 0:05:39]} a6 {[%clk 0:04:19]} 33. Ra7 {[%clk 0:05:48]} Nd5
{[%clk 0:04:10]} 34. Rxa6 {[%clk 0:05:52]} Nxc3 {[%clk 0:04:33]} 35. bxc3
{[%clk 0:06:17]} Rb2 {[%clk 0:04:28]} 36. Rd2 {[%clk 0:04:56]} Ra2
{[%clk 0:04:50]} 37. Kf2 {[%clk 0:03:40]} f4 {[%clk 0:03:42]} 38. Rf6
{[%clk 0:04:00]} Raxa5 {[%clk 0:03:51]} 39. Rxf4 {[%clk 0:04:06]} Ra7
{[%clk 0:04:15]} 40. Rdd4 {[%clk 0:32:42]} Ra2 {[%clk 0:33:20]} 41. Rd2
{[%clk 0:29:01]} Rc7 {[%clk 0:30:50]} 42. Ke3 {[%clk 0:22:08]} Kg7
{[%clk 0:30:39]} 43. h4 {[%clk 0:22:14]} Ra3 {[%clk 0:30:47]} 44. Rdd4
{[%clk 0:21:57]} Ra4 {[%clk 0:26:46]} 45. Rfe4 {[%clk 0:20:04]} Kh7
{[%clk 0:20:50]} 46. Re5 {[%clk 0:14:10]} Ra1 {[%clk 0:12:19]} 47. Ree4
{[%clk 0:09:15]} Ra4 {[%clk 0:11:09]} 48. Rd5 {[%clk 0:09:11]} Ra2
{[%clk 0:10:40]} 49. Rd2 {[%clk 0:08:53]} Ra3 {[%clk 0:10:30]} 50. Rdd4
{[%clk 0:09:11]} Ra2 {[%clk 0:10:54]} 51. Rd2 {[%clk 0:09:31]} Ra3
{[%clk 0:10:54]} 52. Rdd4 {[%clk 0:09:55]} Ra4 {[%clk 0:10:39]} 1/2-1/2

[Event "Junior-SM"]
[Site "Örebro"]
[Date "2013.07.10"]
[Round "5"]
[White "Lokander, Martin"]
[Black "Bengtsson, Jessica"]
[Result "1-0"]
[BlackElo "1917"]
[WhiteElo "2238"]

1. d4 {[%clk 1:30:54]} d5 {[%clk 1:30:40]} 2. c4 {[%clk 1:31:15]} e6
{[%clk 1:30:59]} 3. Nc3 {[%clk 1:31:40]} Be7 {[%clk 1:31:24]} 4. Nf3
{[%clk 1:32:00]} Nf6 {[%clk 1:31:42]} 5. cxd5 {[%clk 1:32:26]} exd5
{[%clk 1:31:53]} 6. Bg5 {[%clk 1:32:51]} O-O {[%clk 1:31:47]} 7. e3
{[%clk 1:33:15]} c6 {[%clk 1:31:51]} 8. Bd3 {[%clk 1:33:40]} Nbd7
{[%clk 1:32:03]} 9. Qc2 {[%clk 1:34:05]} Re8 {[%clk 1:32:19]} 10. O-O
{[%clk 1:34:31]} Nf8 {[%clk 1:31:49]} 11. Rae1 {[%clk 1:34:56]} Ne4
{[%clk 1:30:12]} 12. Bxe7 {[%clk 1:34:53]} Qxe7 {[%clk 1:30:24]} 13. Bxe4
{[%clk 1:35:20]} dxe4 {[%clk 1:30:45]} 14. Nd2 {[%clk 1:35:47]} f5
{[%clk 1:27:28]} 15. f3 {[%clk 1:36:13]} exf3 {[%clk 1:22:46]} 16. Nxf3
{[%clk 1:36:18]} Be6 {[%clk 1:06:31]} 17. e4 {[%clk 1:35:58]} fxe4
{[%clk 1:01:07]} 18. Nxe4 {[%clk 1:36:10]} h6 {[%clk 0:56:09]} 19. Nc5
{[%clk 1:34:53]} Qc7 {[%clk 0:51:27]} 20. Ne5 {[%clk 1:29:47]} Bd5
{[%clk 0:48:27]} 21. Rf2 {[%clk 1:14:28]} b6 {[%clk 0:43:37]} 22. Ncd3
{[%clk 1:05:44]} Qd6 {[%clk 0:35:06]} 23. Ref1 {[%clk 1:02:31]} Nd7
{[%clk 0:23:48]} 24. Nxd7 {[%clk 0:52:58]} Qxd7 {[%clk 0:24:11]} 25. Ne5
{[%clk 0:53:26]} Qd6 {[%clk 0:21:41]} 26. Rf6 {[%clk 0:51:27]} Re6
{[%clk 0:15:23]} 27. Rf7 {[%clk 0:48:28]} Re7 {[%clk 0:14:45]} 28. Rxe7
{[%clk 0:47:12]} Qxe7 {[%clk 0:15:09]} 29. Nxc6 {[%clk 0:44:21]} Qe3+
{[%clk 0:12:52]} 30. Kh1 {[%clk 0:44:25]} Bxa2 {[%clk 0:11:05]} 31. Nb4
{[%clk 0:42:50]} Bf7 {[%clk 0:10:36]} 32. Qf5 {[%clk 0:42:31]} Qe6
{[%clk 0:10:20]} 33. Qf3 {[%clk 0:42:18]} Re8 {[%clk 0:09:28]} 34. Nc6
{[%clk 0:41:34]} a5 {[%clk 0:07:28]} 35. Ne5 {[%clk 0:41:50]} Re7
{[%clk 0:06:42]} 36. h3 {[%clk 0:41:43]} Qd5 {[%clk 0:05:43]} 37. Qf4
{[%clk 0:38:54]} Qe6 {[%clk 0:05:11]} 38. Kh2 {[%clk 0:37:02]} b5
{[%clk 0:05:15]} 39. Rc1 {[%clk 0:36:40]} Qf6 {[%clk 0:04:03]} 40. Qe4
{[%clk 1:03:27]} g6 {[%clk 0:31:10]} 41. Rc6 {[%clk 1:02:21]} Re6
{[%clk 0:25:03]} 42. Rxe6 {[%clk 1:01:06]} Qxe6 {[%clk 0:19:32]} 43. Qa8+
{[%clk 1:01:05]} Be8 {[%clk 0:16:08]} 44. Qxa5 {[%clk 1:00:51]} Qd5
{[%clk 0:15:09]} 45. Qb6 {[%clk 0:59:54]} Kg7 {[%clk 0:14:12]} 46. Qa7+
{[%clk 0:59:11]} Kg8 {[%clk 0:10:10]} 47. Kg3 {[%clk 0:54:44]} Qe4
{[%clk 0:09:44]} 48. Ng4 {[%clk 0:54:10]} Kh8 {[%clk 0:08:18]} 49. Qc5
{[%clk 0:54:21]} Kg7 {[%clk 0:07:47]} 50. b4 {[%clk 0:54:22]} g5 {[%clk 0:07:37]}
51. Qe5+ {[%clk 0:51:52]} Qxe5+ {[%clk 0:08:01]} 52. Nxe5 {[%clk 0:52:13]} Kf6
{[%clk 0:07:39]} 53. Kf3 {[%clk 0:52:23]} Kf5 {[%clk 0:06:37]} 54. g4+
{[%clk 0:52:42]} Ke6 {[%clk 0:06:11]} 55. Ke4 {[%clk 0:53:05]} Kd6
{[%clk 0:06:16]} 56. d5 {[%clk 0:53:26]} h5 {[%clk 0:06:19]} 57. Kd4
{[%clk 0:53:47]} Ke7 {[%clk 0:05:54]} 58. Kc5 {[%clk 0:53:58]} Kf6
{[%clk 0:05:49]} 59. Kd6 {[%clk 0:53:51]} 1-0

[Event "Junior-SM"]
[Site "Örebro"]
[Date "2013.07.10"]
[Round "5"]
[White "Kassani, Sam"]
[Black "Rydström, Tom"]
[Result "0-1"]
[BlackElo "2172"]
[WhiteElo "2172"]

1. d4 {[%clk 1:27:36]} d5 {[%clk 1:30:54]} 2. Nf3 {[%clk 1:28:01]} Nf6
{[%clk 1:31:20]} 3. c4 {[%clk 1:28:22]} c6 {[%clk 1:31:47]} 4. e3
{[%clk 1:28:45]} e6 {[%clk 1:32:14]} 5. Nbd2 {[%clk 1:28:34]} Nbd7
{[%clk 1:32:24]} 6. b3 {[%clk 1:28:41]} Be7 {[%clk 1:32:30]} 7. Bd3
{[%clk 1:28:58]} O-O {[%clk 1:32:51]} 8. O-O {[%clk 1:29:15]} b6 {[%clk 1:32:45]}
9. Bb2 {[%clk 1:29:38]} Bb7 {[%clk 1:33:10]} 10. Qc2 {[%clk 1:29:56]} h6
{[%clk 1:30:48]} 11. Ne5 {[%clk 1:21:56]} Rc8 {[%clk 1:31:07]} 12. f4
{[%clk 1:14:58]} c5 {[%clk 1:29:48]} 13. Rae1 {[%clk 1:01:17]} b5
{[%clk 1:26:30]} 14. f5 {[%clk 0:54:21]} exf5 {[%clk 1:25:33]} 15. Bxf5
{[%clk 0:53:54]} Rc7 {[%clk 1:19:48]} 16. Nxd7 {[%clk 0:33:22]} Nxd7
{[%clk 1:20:16]} 17. dxc5 {[%clk 0:21:43]} dxc4 {[%clk 1:15:08]} 18. b4
{[%clk 0:17:56]} Bf6 {[%clk 1:11:53]} 19. Nf3 {[%clk 0:11:26]} Bxb2
{[%clk 0:43:52]} 20. Qxb2 {[%clk 0:11:31]} Nf6 {[%clk 0:42:46]} 21. Nd4
{[%clk 0:10:30]} a6 {[%clk 0:38:36]} 22. Bb1 {[%clk 0:07:12]} Nd5
{[%clk 0:34:27]} 23. Qc2 {[%clk 0:05:25]} g6 {[%clk 0:30:46]} 24. Qf2
{[%clk 0:04:57]} Nxb4 {[%clk 0:16:42]} 25. Bxg6 {[%clk 0:04:54]} fxg6
{[%clk 0:16:15]} 26. Qxf8+ {[%clk 0:05:14]} Qxf8 {[%clk 0:16:43]} 27. Rxf8+
{[%clk 0:05:37]} Kxf8 {[%clk 0:17:09]} 28. Ne6+ {[%clk 0:05:22]} Ke7
{[%clk 0:17:37]} 29. Nxc7 {[%clk 0:05:25]} Kd7 {[%clk 0:16:27]} 30. Rb1
{[%clk 0:00:41]} Kxc7 {[%clk 0:08:45]} 31. Rxb4 {[%clk 0:01:01]} Kc6
{[%clk 0:09:05]} 32. Rb1 {[%clk 0:00:41]} Kxc5 {[%clk 0:09:29]} 33. Kf2
{[%clk 0:00:53]} Be4 {[%clk 0:11:39]} 34. Rc1 {[%clk 0:00:55]} b4
{[%clk 0:08:54]} 35. g4 {[%clk 0:00:54]} a5 {[%clk 0:09:03]} 36. g5
{[%clk 0:00:56]} h5 {[%clk 0:08:35]} 37. Kg3 {[%clk 0:01:19]} a4 {[%clk 0:08:54]}
38. Kf4 {[%clk 0:01:42]} Bd3 {[%clk 0:09:03]} 39. e4 {[%clk 0:00:47]} b3
{[%clk 0:09:28]} 40. axb3 {[%clk 0:30:36]} axb3 {[%clk 0:39:56]} 0-1

[Event "Junior-SM"]
[Site "Örebro"]
[Date "2013.07.10"]
[Round "5"]
[White "Arvidsson, Rasmus"]
[Black "Ölund, Joar"]
[Result "0-1"]
[BlackElo "2237"]
[WhiteElo "1870"]

1. b3 {[%clk 1:30:45]} Nf6 {[%clk 1:28:31]} 2. Bb2 {[%clk 1:30:50]} d6
{[%clk 1:28:55]} 3. e3 {[%clk 1:30:42]} g6 {[%clk 1:27:27]} 4. Bxf6
{[%clk 1:28:33]} exf6 {[%clk 1:26:49]} 5. Nf3 {[%clk 1:27:35]} f5
{[%clk 1:26:21]} 6. d4 {[%clk 1:25:45]} Nd7 {[%clk 1:25:05]} 7. c4
{[%clk 1:23:20]} Nf6 {[%clk 1:25:11]} 8. Nc3 {[%clk 1:23:13]} Bh6
{[%clk 1:17:29]} 9. Be2 {[%clk 1:18:19]} Qe7 {[%clk 1:13:33]} 10. Qc2
{[%clk 1:15:14]} c6 {[%clk 1:10:30]} 11. Rd1 {[%clk 1:03:57]} O-O
{[%clk 1:10:25]} 12. d5 {[%clk 0:57:33]} c5 {[%clk 1:08:51]} 13. O-O
{[%clk 0:55:27]} Ng4 {[%clk 0:58:05]} 14. e4 {[%clk 0:48:17]} Bg7
{[%clk 0:57:58]} 15. h3 {[%clk 0:40:53]} Ne5 {[%clk 0:52:48]} 16. Nxe5
{[%clk 0:36:05]} Qxe5 {[%clk 0:52:21]} 17. Rd3 {[%clk 0:36:08]} fxe4
{[%clk 0:51:41]} 18. Re3 {[%clk 0:35:18]} f5 {[%clk 0:52:09]} 19. f4
{[%clk 0:32:56]} Qe7 {[%clk 0:51:32]} 20. Kh1 {[%clk 0:29:40]} Qh4
{[%clk 0:49:15]} 21. Bd1 {[%clk 0:29:03]} Bd4 {[%clk 0:45:10]} 22. Ree1
{[%clk 0:23:40]} a6 {[%clk 0:43:15]} 23. Kh2 {[%clk 0:18:40]} Bd7
{[%clk 0:39:43]} 24. g3 {[%clk 0:17:59]} Qf6 {[%clk 0:40:11]} 25. Ne2
{[%clk 0:17:16]} b5 {[%clk 0:40:38]} 26. Qd2 {[%clk 0:14:02]} Rfb8
{[%clk 0:39:43]} 27. Nxd4 {[%clk 0:13:54]} cxd4 {[%clk 0:39:41]} 28. Re2
{[%clk 0:13:57]} d3 {[%clk 0:38:22]} 29. Rg2 {[%clk 0:13:51]} Qd4 0-1